| 000 | 00539nam a22001937a 4500 | ||
|---|---|---|---|
| 003 | OSt | ||
| 005 | 20140310181756.0 | ||
| 008 | 130629t xxu||||| |||| 00| 0 eng d | ||
| 020 | _a9710000000 | ||
| 050 |
_aDS 653.7 _b.Ar676 2003 |
||
| 082 |
_aFIL 920 _bAr2 2003 |
||
| 245 |
_aTalambuhay ng mga bayani. / _ctinipon at isinaayos ni Ardes, A. B. |
||
| 260 |
_aManila, Philippines : _bJuneecon Enterprises, _cc2003. |
||
| 300 |
_a45 p. _bill. ; _c17 cm. |
||
| 521 | _a | ||
| 541 | _j1 | ||
| 562 | _e1 | ||
| 942 |
_2lcc _cBK-FIL _kFIL |
||
| 999 |
_c3427 _d3427 |
||